ბათუმის შოთა რუსთაველის სახელმწიფო უნივერსიტეტის ბიბლიოთეკა

Cost-Benefit Analysis. Selected Readings (ბიბ.ჩანაწერი № 47405)

000 -LEADER
fixed length control field 00465nam a2200193Ia 4500
001 - CONTROL NUMBER
control field 14267
003 - CONTROL NUMBER IDENTIFIER
control field GE_BSU
008 - FIXED-LENGTH DATA ELEMENTS--GENERAL INFORMATION
fixed length control field 181216s||||||||xx |||||||||||||| ||und||
040 ## - CATALOGING SOURCE
Transcribing agency GE_BSU
080 ## - UNIVERSAL DECIMAL CLASSIFICATION NUMBER
Universal Decimal Classification number 338
245 ## - TITLE STATEMENT
Title Cost-Benefit Analysis. Selected Readings
245 ## - TITLE STATEMENT
Statement of responsibility, etc. Edited by Richard Layard
260 ## - PUBLICATION, DISTRIBUTION, ETC.
Place of publication, distribution, etc. New York
260 ## - PUBLICATION, DISTRIBUTION, ETC.
Name of publisher, distributor, etc. Penguin Books
260 ## - PUBLICATION, DISTRIBUTION, ETC.
Date of publication, distribution, etc. 1972
300 ## - PHYSICAL DESCRIPTION
Extent 477p.18cm.
653 ## - INDEX TERM--UNCONTROLLED
Uncontrolled term Cost-Benefit Analysis. Selected Readings
942 ## - ADDED ENTRY ELEMENTS (KOHA)
Koha item type წიგნი
ეგზემპლარები
Withdrawn status Lost status Damaged status Not for loan Date acquired Barcode Date last seen Price effective from Koha item type
        2018-12-17 37610 2018-12-17 2018-12-17 წიგნი